<?xml version="1.0" encoding="UTF-8"?>
<marc:record xmlns:marc="http://www.loc.gov/MARC21/slim">
   <marc:leader>00000nam a2200000 a 4500</marc:leader>
   <marc:datafield ind1="1" ind2=" " tag="100">
      <marc:subfield code="a">Mohn, Isabella</marc:subfield>
      <marc:subfield code="4">aut</marc:subfield>
      <marc:subfield code="e">Verfasser/-in</marc:subfield>
   </marc:datafield>
   <marc:datafield ind1="0" ind2="0" tag="245">
      <marc:subfield code="a">Mia and me</marc:subfield>
   </marc:datafield>
   <marc:datafield ind1="0" ind2="0" tag="245">
      <marc:subfield code="b">Mia und die geheimnisvolle Laterne</marc:subfield>
   </marc:datafield>
   <marc:datafield ind1="0" ind2="0" tag="245">
      <marc:subfield code="c">Isabella Mohn</marc:subfield>
   </marc:datafield>
   <marc:datafield ind1=" " ind2="1" tag="264">
      <marc:subfield code="a">München</marc:subfield>
      <marc:subfield code="b">Schneider</marc:subfield>
      <marc:subfield code="c">2013</marc:subfield>
   </marc:datafield>
   <marc:datafield ind1="1" ind2=" " tag="520">
      <marc:subfield code="a">Mia ist eigentlich eine ganz normale Internatsschülerin, doch mithilfe eines magischen Buchs kann sie sich in eine Elfe verwandeln! Gemeinsam mit ihren Freunden Yuko und Mo erlebt sie in dem fantastischen Reich Centopia viele spannende Abenteuer. 128 Seiten, gebundene Ausgabe. Für Mädchen ab 7 Jahren.In Centopia erwartet Mia ein neues Abenteuer: Von Polytheus, dem gierigen Händler, bekommt sie eine wundersame Laterne geliehen, die alle Fragen beantworten kann. Dann wird es mit ihrer Hilfe bestimmt gelingen, das nächste Teil des Trumptus zu finden! Doch die Laterne lockt Mia und ihre Freunde in eine gefährliche Falle ...</marc:subfield>
   </marc:datafield>
   <marc:datafield ind1=" " ind2=" " tag="020">
      <marc:subfield code="a">9783505131707</marc:subfield>
      <marc:subfield code="9">9783505131707</marc:subfield>
   </marc:datafield>
   <marc:datafield ind1=" " ind2=" " tag="020">
      <marc:subfield code="a">3505131709</marc:subfield>
      <marc:subfield code="9">3505131709</marc:subfield>
   </marc:datafield>
   <marc:datafield ind1="0" ind2=" " tag="490">
      <marc:subfield code="v">8.</marc:subfield>
   </marc:datafield>
</marc:record>
